000 00439nam a2200181Ia 4500
001 5226
005 20260306145852.0
008 260306t2005||||xx |||||||||||||| ||spa||
041 _aESP
082 _a338.2728
_bA81
100 _aInstitute of Energy Economics
_eAUT
245 0 _aApec downstream oil market study
260 _c2005
300 _a138 páginas :
_c28 cm.
650 _aGEN
654 _aCAN
942 _cLIB
_dJUS
_fJUS
_2ddc
_n
999 _c5226
_d5226